Регионална библиотека "Любен Каравелов" - Русе

Лешникотрошачката (Запис номер 528985)

MARC детайли
000 -Лидер
Лидер 01346nam a2200301 a 4500
003 - Код на организацията, давaща контролен номер
Код на организацията, даваща контролен номер BLK
005 - Дата и час на последна редакция
Дата и час на последна редакция 20250703132013.0
008 - Елементи от данни с фиксирана дължина
Елементи с фиксирана дължина 180412b bul rap|r|||| r0| ||bulo|
020 ## - Международен стандартен номер на книга ISBN
ISBN 9786192408534
040 ## - Източник на каталожния запис
Код на библиотеката BLK
041 ## - Код за език
Език Български
Език за КДБФ Български
080 ## - УДК
УДК текст Литература на отделни езици и езикови семейства
УДК код 821
УДК – код + определител -93-34
9 (RLIN) 234031
УДК – определител 821-93-34
084 ## - Класификационен индекс по друга класификация
Авторски знак Мак - М 19
100 ## - Редна дума - Автор
Автор Макардъл, Лили
R(LIN) 497716
245 10 - Сведения за заглавието
Заглавие Лешникотрошачката
Подзаглавни данни приказка в стихове
Авторска отговорност преразк. Лили Макардъл; ил. Бодил Джейн; прев. Ангелина Жекова.
257 ## - Страна на издаване
Страна на създаване/издаване България
260 ## - Област на издателските данни
Място на издаване София
Име на издателя ПАН
Година на издаване 2021
9 (RLIN) 209558
Издателство - префикс ISBN 978-954-660- ; 978-954-657-
Печатница Китай
300 ## - Физическа характеристика
Брой страници 20 с. (муз. кутия)
Илюстрации с цв. ил.
Размер 29х25 см
380 ## - Жанр
Жанр Детска худож. лит.
490 ## - СЕРИИ (Колекции)
9 (RLIN) 497717
Серия Приказка от музикалната кутийка
500 ## - Общи забележки
Обща забележка Ориг. загл. Stories from the Music Box/text by Lily McArdie
700 ## - Други автори (авторска отговорност)
Друг автор Джейн, Бодил
9 (RLIN) 497718
700 ## - Други автори (авторска отговорност)
Друг автор Жекова, Ангелина Иванова
9 (RLIN) 366328
852 ## - Местоположение
Отдел Детски отдел
Систематично-азбучна сигнатура 821-93/М 19 Л
942 ## - АРТИКУЛИ
Вид на библиотечния документ Книги
Скрит в OPAC Не
Периодичен библиозапис Да
Koha issues (borrowed), all copies 4
944 ## - СЪЗДАВАНЕ И РЕДАКЦИЯ на ЗАПИСА
Създаване/Редакция
Дата на регистрацията/редакция Севдалина Тодорова
Служител, извършил регистрацията/редакцията 30551
Номер на служител Бояна Костадинова
999 ## - СИСТЕМНИ КОНТРОЛНИ НОМЕРА
Koha biblionumber 528985
Koha biblioitemnumber 528985
Наличности
Код за отписване Код за изгубен артикул Източник на класификационната схема Код за повреда Код за отдаване Артикулен № Име на библиотеката - собственик Име на библиотеката, в която се намира в момента Статус (Текущо местоположение) Дата на вписване в системата Местоположение - отдел Цена в лева Инвентарен номер Систематично азбучна сигнатура Баркод Цена в евро Служебен тип на артикула
  Не е изгубен Universal Decimal Classification Не е повреден заемане за дома 963942 Регионална библиотека "Любен Каравелов" Русе Регионална библиотека "Любен Каравелов" Русе Детски отдел 2025-03-18 Детски отдел 27.13 120000918897 821-93/М 19 Л 120000918897 13.87 Книги
  Не е изгубен Universal Decimal Classification Не е повреден заемане за дома 963943 Регионална библиотека "Любен Каравелов" Русе Регионална библиотека "Любен Каравелов" Русе Детски отдел 2025-03-18 Детски отдел 27.13 120000918898 821-93/М 19 Л 120000918898 13.87 Книги
Vip Innovations Ltd, Rousse, Bulgaria 2025